Τα βασικά "εργαλεία" του εκπαιδευτή ενηλίκων
Αποθηκεύτηκε σε:
| Κύριος συγγραφέας: | |
|---|---|
| Άλλοι συγγραφείς: | |
| Μορφή: | Βιβλίο |
| Γλώσσα: | Greek French |
| Δημοσίευση: |
[Αθήνα] :
Μεταίχμιο,
[c2000].
|
| Σειρά: | Εκπαίδευση ενηλίκων
|
| Θέματα: | |
| Ετικέτες: |
Προσθήκη ετικέτας
Δεν υπάρχουν, Καταχωρήστε ετικέτα πρώτοι!
|
MARC
| LEADER | 00000cam a2200000 i 4500 | ||
|---|---|---|---|
| 001 | 1/26086 | ||
| 008 | 060314s2000 gr | ||| |||| ||gre|| | ||
| 020 | |a 9603751731 | ||
| 035 | |l 10083075 | ||
| 040 | |a GR-MY-UA |b gre |e aacr | ||
| 041 | 1 | |a gre |h fre | |
| 082 | 7 | |a 374.007 |2 (22) | |
| 100 | 1 | |a Courau, Sophie. | |
| 245 | 1 | 3 | |a Τα βασικά "εργαλεία" του εκπαιδευτή ενηλίκων / |c Sophie Courau ; μετάφραση: Ευγενία Μουτσοπούλου. |
| 260 | |a [Αθήνα] : |b Μεταίχμιο, |c [c2000]. | ||
| 300 | |a 181 σ. ; |c 24 εκ. | ||
| 490 | 1 | |a (Εκπαίδευση ενηλίκων) | |
| 500 | |a Μετάφραση του: Les outils d'excellence du formateur. | ||
| 504 | |a Βιβλιογραφία: σ. 143-144. Γλωσσάριο και παραρτήματα. | ||
| 650 | 0 | 0 | |a Adult education. |
| 650 | 0 | 0 | |a Continuing education. |
| 650 | 0 | 0 | |a Adult learning. |
| 700 | 1 | |a Μουτσοπούλου, Ευγενία, |e trlf [Μεταφράστρια] | |
| 830 | 0 | |a Εκπαίδευση ενηλίκων | |
| 852 | |a INST |b RHODES |e 20060314 |h 374.007 COU |p 005400021247 |q 005400021247 |t BK |y 0 | ||
| 901 | |a BIBL4-2006-1 | ||
| 909 | |a Ρ |b 123357 | ||
| 970 | |a ΚΟΖΑ |b ΜΑΡΙΑ |z 2006/03/14 | ||